Emergency radiology / (Record no. 9756)
[ view plain ]
| 000 -LEADER | |
|---|---|
| fixed length control field | 00883nam a22002652 4500 |
| 001 - CONTROL NUMBER | |
| control field | 0000023238 |
| 005 - DATE AND TIME OF LATEST TRANSACTION | |
| control field | 20151217152238.0 |
| 008 - FIXED-LENGTH DATA ELEMENTS--GENERAL INFORMATION | |
| fixed length control field | 120906s xx 000 0 eng d |
| 020 ## - INTERNATIONAL STANDARD BOOK NUMBER | |
| International Standard Book Number | 0070508275 : |
| 040 ## - CATALOGING SOURCE | |
| Original cataloging agency | KABU |
| Transcribing agency | KABU |
| 245 10 - TITLE STATEMENT | |
| Title | Emergency radiology / |
| Statement of responsibility, etc. | David T. Schwartz, Earl J. Reisdorff (eds) |
| 250 ## - EDITION STATEMENT | |
| Edition statement | 1st ed. |
| 260 ## - PUBLICATION, DISTRIBUTION, ETC. (IMPRINT) | |
| Place of publication, distribution, etc. | New York : |
| Name of publisher, distributor, etc. | McGraw - Hill, |
| Date of publication, distribution, etc. | 2000. |
| 300 ## - PHYSICAL DESCRIPTION | |
| Extent | xv, 672 p. |
| 650 #0 - SUBJECT ADDED ENTRY--TOPICAL TERM | |
| Topical term or geographic name as entry element | Diagnosis, radioscopic. |
| -- | 0000182587 |
| 650 #0 - SUBJECT ADDED ENTRY--TOPICAL TERM | |
| Topical term or geographic name as entry element | Radiology, Medical. |
| -- | 0000034193 |
| 650 #0 - SUBJECT ADDED ENTRY--TOPICAL TERM | |
| Topical term or geographic name as entry element | Emergencies. |
| -- | 0000182588 |
| 700 1# - ADDED ENTRY--PERSONAL NAME | |
| Personal name | Schwartz, David T. |
| -- | 0000182589 |
| 700 1# - ADDED ENTRY--PERSONAL NAME | |
| Personal name | Reisdorff, Earl J. |
| -- | 0000182590 |
| 852 1# - LOCATION | |
| -- | p4,500 KES |
| 852 1# - LOCATION | |
| -- | p4,500 KES |
| 852 1# - LOCATION | |
| -- | p4,500 KES |
| 908 ## - PUT COMMAND PARAMETER (RLIN) | |
| Put command parameter | 120906 |
| 950 ## - LOCAL HOLDINGS (RLIN) | |
| -- | 1 |
| Withdrawn status | Lost status | Source of classification or shelving scheme | Not for loan | Home library | Current library | Date acquired | Total Checkouts | Full call number | Barcode | Date last seen | Date last checked out | Price effective from | Koha item type |
|---|---|---|---|---|---|---|---|---|---|---|---|---|---|
| Library of Congress Classification | Kabarak, Main Campus | Kabarak, Main Campus | 17/12/2015 | 1 | RC78 .E44 2000 c.1 | 013643 | 08/12/2022 | 07/12/2022 | 17/12/2015 | General Collection | |||
| Library of Congress Classification | Kabarak, Main Campus | Kabarak, Main Campus | 17/12/2015 | 1 | RC78 .E44 2000 c.2 | 013640 | 10/03/2025 | 24/02/2025 | 17/12/2015 | General Collection | |||
| Library of Congress Classification | Kabarak, Main Campus | Kabarak, Main Campus | 17/12/2015 | 1 | RC78 .E44 2000 c.3 | 013641 | 04/10/2024 | 25/09/2024 | 17/12/2015 | General Collection |